Statistiken für Geographie nach Bild - O

Klicken Sie hier um das Quiz zu spielen!

Allgemein

  • Dieses Quiz wurde 5.577 mal gespielt
  • Das Durchschnittsergebnis liegt bei 9 aus 18

Antwortstatistiken

Antwort% Korrekt
Oslo
88%
Oase
86%
Ohio
86%
Oman
75%
Ostsee
74%
Olympia
68%
Oxford
66%
Osaka
63%
Orlando
50%
{Ontario}see
46%
OPEC
43%
Ob
35%
{Öresund}brücke
29%
Oʻahu
23%
Orléans
22%
Orkney
19%
Okzitanien
13%
Oaxaca
11%

Verteilung der Resultate

Perzentil nach korrekt beantworteten Fragen

Anzahl Personen mit jedem Resultat

Ihre Resultats-Entwicklung

Sie haben dieses Quiz noch nicht gespielt